[Event "Magistral Bicentenario Ciudad de Lanús"]
[Site "Lanús ARG"]
[Date "2010.04.17"]
[Round "6.3"]
[White "Blit, Jacques"]
[Black "Pierrot, Facundo"]
[Result "0-1"]
[WhiteElo "2400"]
[BlackElo "2415"]
[PlyCount "62"]
[EventDate "2010.04.12"]
[EventType "tourn"]
[EventRounds "9"]
[EventCountry "ARG"]
[EventCategory "4"]
[Source "lmi"]
[SourceDate "2010.04.12"]

1. d4 Nf6 2. Nc3 d5 3. Bg5 Nbd7 4. f3 c5 5. dxc5 e6 6. e4 Qa5 7. Bxf6 gxf6 8.
exd5 Bxc5 9. Bb5 a6 10. Ba4 Bb4 11. Bxd7+ Bxd7 12. Nge2 O-O-O 13. a3 Bxc3+ 14.
Nxc3 Bc6 15. Qd4 Rxd5 16. Qxf6 Re5+ 17. Kd2 Rd8+ 18. Kc1 Rf5 19. Qh4 Qc5 20.
Qe1 Re5 21. Qg1 Qc4 22. a4 Qf4+ 23. Kb1 Rd2 24. Qc1 Qd4 25. Rg1 Rg5 26. g3 Bxf3
27. Rf1 Rf5 28. a5 Be4 29. Rxf5 Bxf5 30. Ra4 Rxc2 31. Qxc2 Qg1+ 0-1

[Event "Magistral Bicentenario Ciudad de Lanús"]
[Site "Lanús ARG"]
[Date "2010.04.17"]
[Round "6.4"]
[White "Villanueva, Mario"]
[Black "Saldaño Dayer, Horacio"]
[Result "1/2-1/2"]
[WhiteElo "2334"]
[BlackElo "2428"]
[PlyCount "94"]
[EventDate "2010.04.12"]
[EventType "tourn"]
[EventRounds "9"]
[EventCountry "ARG"]
[EventCategory "4"]
[Source "lmi"]
[SourceDate "2010.04.12"]

1. e4 e5 2. Nf3 Nc6 3. Bc4 Bc5 4. c3 Nf6 5. b4 Bb6 6. d3 d6 7. a4 a5 8. b5 Ne7
9. O-O O-O 10. Nbd2 Ng6 11. Bb3 h6 12. d4 Bg4 13. Qc2 Nh7 14. h3 Bxf3 15. Nxf3
Nh4 16. Nxh4 Qxh4 17. dxe5 dxe5 18. Bd5 Rab8 19. c4 Bc5 20. Ba3 Qe7 21. Qc3 Nf6
22. Bxc5 Qxc5 23. Qxe5 Kh8 24. Qf5 c6 25. e5 Nxd5 26. cxd5 cxd5 27. Rac1 Qb4
28. Rc7 Qxa4 29. Rxf7 Rxf7 30. Qxf7 Qxb5 31. f4 Qc5+ 32. Kh1 Rf8 33. Qxb7 Rxf4
34. Qb1 Qb4 35. Qc1 Rxf1+ 36. Qxf1 Qe4 37. Qf8+ Kh7 38. Qd6 a4 39. e6 a3 40.
Qxa3 Qxe6 41. Kg1 Qe1+ 42. Kh2 Qe4 43. Kg3 d4 44. Qf3 Qg6+ 45. Kf4 h5 46. Qe4
h4 47. Kf3 Qxe4+ 1/2-1/2

[Event "Magistral Bicentenario Ciudad de Lanús"]
[Site "Lanús ARG"]
[Date "2010.04.17"]
[Round "6.5"]
[White "Barrionuevo, Pablo"]
[Black "Nedilski, Diego"]
[Result "1/2-1/2"]
[WhiteElo "2327"]
[BlackElo "2340"]
[PlyCount "87"]
[EventDate "2010.04.12"]
[EventType "tourn"]
[EventRounds "9"]
[EventCountry "ARG"]
[EventCategory "4"]
[Source "lmi"]
[SourceDate "2010.04.12"]

1. d4 c5 2. d5 g6 3. c4 Nf6 4. Nc3 d6 5. e4 Bg7 6. Nf3 e6 7. Be2 O-O 8. O-O
exd5 9. cxd5 Bg4 10. Bf4 Re8 11. Qc2 Na6 12. h3 Nb4 13. Qb1 Bxf3 14. Bxf3 c4
15. Be2 Rc8 16. Re1 Qb6 17. Be3 Qa6 18. Rd1 Nd3 19. Bxd3 cxd3 20. Qxd3 Qxd3 21.
Rxd3 Nxe4 22. Nxe4 Rxe4 23. Bxa7 Ra8 24. Be3 Bxb2 25. Rb1 Rxa2 26. Rb3 Bd4 27.
Rb4 Rxe3 28. fxe3 Bxe3+ 29. Kh1 b6 30. Rxb6 Bxb6 31. Rxb6 Rd2 32. Rxd6 Kf8 33.
Rd8+ Ke7 34. Ra8 Rxd5 35. Ra6 Rd6 36. Ra5 Ke6 37. Kh2 h5 38. h4 f6 39. Kh3 Rd5
40. Ra8 Kf5 41. Ra2 Rd3+ 42. g3 Ke4 43. Ra4+ Rd4 44. Ra6 1/2-1/2

[Event "Magistral Bicentenario Ciudad de Lanús"]
[Site "Lanús ARG"]
[Date "2010.04.17"]
[Round "7.1"]
[White "Nedilski, Diego"]
[Black "Contin, Daniel"]
[Result "1/2-1/2"]
[WhiteElo "2340"]
[BlackElo "2309"]
[PlyCount "199"]
[EventDate "2010.04.12"]
[EventType "tourn"]
[EventRounds "9"]
[EventCountry "ARG"]
[EventCategory "4"]
[Source "lmi"]
[SourceDate "2010.04.12"]

1. d4 Nf6 2. c4 e6 3. Nf3 b6 4. Nc3 Bb4 5. Qb3 c5 6. a3 Ba5 7. Bg5 O-O 8. e3
Re8 9. Bd3 Bb7 10. O-O-O Bxc3 11. Qxc3 h6 12. Bh4 cxd4 13. Qxd4 Qe7 14. Bc2 e5
15. Qd6 Qxd6 16. Rxd6 Ne4 17. Bxe4 Bxe4 18. Nd2 Bf5 19. g4 Re6 20. Rxe6 Bxe6
21. Bg3 f6 22. f4 exf4 23. Bxf4 Bxg4 24. Rg1 h5 25. Ne4 Kh7 26. Nd6 Nc6 27. b3
Be6 28. h4 Rf8 29. Kc2 Ne5 30. Rf1 Bg8 31. Kc3 g5 32. Bg3 Ng6 33. Ne4 gxh4 34.
Bd6 Rf7 35. Rxf6 Kg7 36. Rxf7+ Kxf7 37. c5 h3 38. cxb6 axb6 39. Ng5+ Kf6 40.
Nf3 Bd5 41. Nh2 Nh4 42. Bc7 Ke6 43. Bg3 Nf5 44. Bf4 Nd6 45. a4 Ne4+ 46. Kb4 Nc5
47. Kb5 Bxb3 48. a5 Kd5 49. Kxb6 Bc4 50. Nf3 Be2 51. Ng5 Bf1 52. Nf3 d6 53. Nd4
Na4+ 54. Kc7 Nc5 55. Kb6 Bg2 56. Nf5 Nd3 57. Bg3 Ne5 58. a6 Ke6 59. Ng7+ Kd7
60. Nxh5 Nc4+ 61. Kb5 Nxe3 62. Nf4 Nd5 63. Ne2 Bf1 64. Kc4 Nc7 65. Kd3 Nxa6 66.
Ke3 Nc5 67. Nf4 Ne6 68. Kf2 Nxf4 69. Kxf1 Nh5 70. Bh2 Nf6 71. Bf4 d5 72. Kf2
Ng4+ 73. Kg3 h2 74. Kg2 Ke6 75. Bd2 Kf5 76. Bc3 Ke4 77. Bb2 Kd3 78. Bg7 Ke2 79.
Bh8 Ke3 80. Bb2 Ke4 81. Ba1 Kd3 82. Bg7 Kc4 83. Bh8 Kc5 84. Bg7 Kd6 85. Bb2 Ke6
86. Ba1 Kf5 87. Bb2 Kf4 88. Ba1 Ke3 89. Bg7 Kd2 90. Bh8 Ke2 91. Bg7 Ke3 92. Bh8
Ke4 93. Bb2 Nf2 94. Kxh2 Nd3 95. Ba1 Ke3 96. Kg1 Nf4 97. Bg7 Nd3 98. Bh8 Ke4
99. Ba1 d4 100. Bxd4 1/2-1/2

[Event "Magistral Bicentenario Ciudad de Lanús"]
[Site "Lanús ARG"]
[Date "2010.04.17"]
[Round "7.2"]
[White "Saldaño Dayer, Horacio"]
[Black "Barrionuevo, Pablo"]
[Result "1-0"]
[WhiteElo "2428"]
[BlackElo "2327"]
[PlyCount "89"]
[EventDate "2010.04.12"]
[EventType "tourn"]
[EventRounds "9"]
[EventCountry "ARG"]
[EventCategory "4"]
[Source "lmi"]
[SourceDate "2010.04.12"]

1. e4 d6 2. d4 Nf6 3. Nc3 g6 4. Nf3 Bg7 5. Be3 a6 6. Bd3 Nc6 7. h3 O-O 8. O-O
e5 9. dxe5 dxe5 10. Bc4 h6 11. a3 Qe7 12. Qc1 Kh7 13. Rd1 b6 14. Nd5 Nxd5 15.
Bxd5 Bb7 16. Qd2 f5 17. Qc3 Qf6 18. b4 Rad8 19. Qc4 Rd6 20. Rd3 Bc8 21. Rad1
Be6 22. Bxe6 Qxe6 23. Qxe6 Rxe6 24. Rd7 Rc8 25. exf5 gxf5 26. Nh4 Ne7 27. g4
fxg4 28. hxg4 Kg8 29. c4 Kf8 30. Kf1 Ke8 31. Ke2 Rc6 32. c5 Bf8 33. R7d2 b5 34.
Kf3 Bg7 35. Nf5 Nxf5 36. gxf5 Rf6 37. Ke4 Rf7 38. Rd5 Ra8 39. c6 Rc8 40. Rh1
Rd8 41. Rxd8+ Kxd8 42. Bxh6 Bf6 43. Be3 Kc8 44. Rg1 Bg7 45. f6 1-0

[Event "Magistral Bicentenario Ciudad de Lanús"]
[Site "Lanús ARG"]
[Date "2010.04.17"]
[Round "7.3"]
[White "Pierrot, Facundo"]
[Black "Villanueva, Mario"]
[Result "1/2-1/2"]
[WhiteElo "2415"]
[BlackElo "2342"]
[PlyCount "30"]
[EventDate "2010.04.12"]
[EventType "tourn"]
[EventRounds "9"]
[EventCountry "ARG"]
[EventCategory "4"]
[Source "lmi"]
[SourceDate "2010.04.12"]

1. e4 e5 2. Nf3 Nf6 3. Nxe5 d6 4. Nf3 Nxe4 5. d4 d5 6. Bd3 Nc6 7. O-O Be7 8. c4
Nb4 9. Be2 Be6 10. Nc3 O-O 11. a3 Nxc3 12. bxc3 Nc6 13. cxd5 Bxd5 14. Be3 Na5
15. Nd2 c5 1/2-1/2

[Event "Magistral Bicentenario Ciudad de Lanús"]
[Site "Lanús ARG"]
[Date "2010.04.17"]
[Round "7.4"]
[White "Barreto Filho, Carlos Alberto"]
[Black "Blit, Jacques"]
[Result "1/2-1/2"]
[WhiteElo "2362"]
[BlackElo "2400"]
[PlyCount "50"]
[EventDate "2010.04.12"]
[EventType "tourn"]
[EventRounds "9"]
[EventCountry "ARG"]
[EventCategory "4"]
[Source "lmi"]
[SourceDate "2010.04.12"]

1. d4 g6 2. c4 Bg7 3. Nc3 d6 4. e4 Nc6 5. Nge2 Bd7 6. Be3 Nf6 7. f3 a6 8. Qd2
O-O 9. d5 Na5 10. Nd4 c5 11. dxc6 Nxc6 12. Be2 Qa5 13. O-O Rfc8 14. Rac1 h5 15.
Rfd1 Qd8 16. b3 Kh7 17. Bf1 Qf8 18. a4 Bh6 19. Nd5 Nxd5 20. exd5 Nxd4 21. Qxd4
e5 22. dxe6 Bxe3+ 23. Qxe3 Bxe6 24. Qd4 d5 25. c5 a5 1/2-1/2

[Event "Magistral Bicentenario Ciudad de Lanús"]
[Site "Lanús ARG"]
[Date "2010.04.17"]
[Round "7.5"]
[White "Meza, Hugo"]
[Black "Filion, Charles"]
[Result "1/2-1/2"]
[WhiteElo "2313"]
[BlackElo "2217"]
[PlyCount "84"]
[EventDate "2010.04.12"]
[EventType "tourn"]
[EventRounds "9"]
[EventCountry "ARG"]
[EventCategory "4"]
[Source "lmi"]
[SourceDate "2010.04.12"]

1. d4 d5 2. c4 e6 3. Nc3 c6 4. e3 f5 5. Nf3 Bd6 6. Ne5 Nf6 7. f4 O-O 8. Bd3 b6
9. O-O Ne4 10. Nxe4 dxe4 11. Be2 Bb7 12. c5 bxc5 13. Qb3 Bc8 14. Bc4 Re8 15.
dxc5 Bxc5 16. Qc3 Nd7 17. Rd1 Qc7 18. Nxd7 Bxd7 19. b4 Be7 20. Bb2 Bf6 21. Qb3
Bxb2 22. Qxb2 Rad8 23. Rd4 Bc8 24. Rad1 h6 25. Qd2 Rxd4 26. Qxd4 Kh7 27. Qc5
Rd8 28. Rxd8 Qxd8 29. Qxa7 Qd2 30. Qb6 e5 31. fxe5 Qe1+ 32. Bf1 Be6 33. Qd4
Bxa2 34. g3 Bb3 35. e6 Bd1 36. Qc5 Bg4 37. e7 Bh3 38. Qc4 Qxe3+ 39. Kh1 Qf3+
40. Kg1 Qe3+ 41. Kh1 Qf3+ 42. Kg1 Qe3+ 1/2-1/2

[Event "Magistral Bicentenario Ciudad de Lanús"]
[Site "Lanús ARG"]
[Date "2010.04.18"]
[Round "8.1"]
[White "Contin, Daniel"]
[Black "Filion, Charles"]
[Result "1-0"]
[WhiteElo "2309"]
[BlackElo "2217"]
[PlyCount "53"]
[EventDate "2010.04.12"]
[EventType "tourn"]
[EventRounds "9"]
[EventCountry "ARG"]
[EventCategory "4"]
[Source "lmi"]
[SourceDate "2010.04.12"]

1. Nf3 Nf6 2. c4 g6 3. Nc3 Bg7 4. d4 O-O 5. g3 d6 6. Bg2 Nc6 7. O-O a6 8. h3
Rb8 9. a4 Na5 10. b3 c5 11. Be3 Nd7 12. Rb1 Nc6 13. Qd2 b6 14. Rfd1 Bb7 15. d5
Nb4 16. Bh6 Nf6 17. Nh2 b5 18. axb5 axb5 19. Bxg7 Kxg7 20. Nxb5 Bxd5 21. Bxd5
Nbxd5 22. Nxd6 Nc7 23. Nf5+ Kh8 24. Qh6 gxf5 25. Rxd8 Rfxd8 26. Nf3 Ne4 27. Qf4
1-0

[Event "Magistral Bicentenario Ciudad de Lanús"]
[Site "Lanús ARG"]
[Date "2010.04.18"]
[Round "8.2"]
[White "Blit, Jacques"]
[Black "Meza, Hugo"]
[Result "1-0"]
[WhiteElo "2400"]
[BlackElo "2313"]
[PlyCount "43"]
[EventDate "2010.04.12"]
[EventType "tourn"]
[EventRounds "9"]
[EventCountry "ARG"]
[EventCategory "4"]
[Source "lmi"]
[SourceDate "2010.04.12"]

1. e4 c5 2. Nf3 g6 3. d4 Bg7 4. d5 d6 5. Nc3 Nf6 6. h3 O-O 7. Bf4 b5 8. Nxb5
Nxe4 9. c3 Qb6 10. Qa4 f5 11. Qc2 Nd7 12. Ng5 Ndf6 13. Nxe4 Nxe4 14. h4 Rb8 15.
Rb1 Bd7 16. Na3 Qa5 17. f3 Rxb2 18. Rxb2 Bxc3+ 19. Kd1 Bxb2 20. Qxb2 Nc3+ 21.
Kc1 Qa4 22. Bc4 1-0

[Event "Magistral Bicentenario Ciudad de Lanús"]
[Site "Lanús ARG"]
[Date "2010.04.18"]
[Round "8.5"]
[White "Nedilski, Diego"]
[Black "Saldaño Dayer, Horacio"]
[Result "0-1"]
[WhiteElo "2340"]
[BlackElo "2428"]
[PlyCount "68"]
[EventDate "2010.04.12"]
[EventType "tourn"]
[EventRounds "9"]
[EventCountry "ARG"]
[EventCategory "4"]
[Source "lmi"]
[SourceDate "2010.04.12"]

1. d4 Nf6 2. c4 e6 3. Nf3 d5 4. Nc3 Bb4 5. Bg5 Nbd7 6. e3 c5 7. cxd5 exd5 8.
Be2 Qa5 9. O-O Bxc3 10. bxc3 c4 11. Bxf6 Nxf6 12. Qc2 O-O 13. Nd2 Re8 14. Bf3
Bd7 15. Rfe1 Ba4 16. Qb2 Bc6 17. g3 Re6 18. Bg2 Rae8 19. Re2 b5 20. a3 a6 21.
Rae1 Ne4 22. Nb1 f5 23. f3 Nf6 24. Nd2 g6 25. Qb4 Qc7 26. Qb1 Qd6 27. Qb4 Qc7
28. Qb1 a5 29. e4 Qe7 30. a4 b4 31. e5 Nh5 32. f4 bxc3 33. Nxc4 dxc4 34. d5
Bxd5 0-1

[Event "Magistral Bicentenario Ciudad de Lanús"]
[Site "Lanús ARG"]
[Date "2010.04.19"]
[Round "9.1"]
[White "Saldaño Dayer, Horacio"]
[Black "Contin, Daniel"]
[Result "1/2-1/2"]
[WhiteElo "2428"]
[BlackElo "2309"]
[PlyCount "69"]
[EventDate "2010.04.12"]
[EventType "tourn"]
[EventRounds "9"]
[EventCountry "ARG"]
[EventCategory "4"]
[Source "lmi"]
[SourceDate "2010.04.12"]

1. g3 c5 2. Bg2 g6 3. e4 Nc6 4. Nc3 Bg7 5. d3 d6 6. Nge2 Rb8 7. O-O e6 8. Be3
Nd4 9. Rb1 Bd7 10. Qd2 Ne7 11. Bh6 O-O 12. Bxg7 Kxg7 13. b4 b6 14. f4 Qc7 15.
Nxd4 cxd4 16. Ne2 e5 17. f5 f6 18. g4 g5 19. h4 h6 20. Kf2 Rbc8 21. Rbc1 Ba4
22. Rh1 Rh8 23. c4 dxc3 24. Nxc3 Qd7 25. Bf3 Bc6 26. d4 a5 27. a3 axb4 28. axb4
Ra8 29. Rhd1 b5 30. d5 Qa7+ 31. Qe3 Bd7 32. Qxa7 Rxa7 33. Ra1 Rc7 34. Ra3 Rhc8
35. Ne2 1/2-1/2

[Event "Magistral Bicentenario Ciudad de Lanús"]
[Site "Lanús ARG"]
[Date "2010.04.19"]
[Round "9.2"]
[White "Pierrot, Facundo"]
[Black "Nedilski, Diego"]
[Result "1/2-1/2"]
[WhiteElo "2415"]
[BlackElo "2340"]
[PlyCount "33"]
[EventDate "2010.04.12"]
[EventType "tourn"]
[EventRounds "9"]
[EventCountry "ARG"]
[EventCategory "4"]
[Source "lmi"]
[SourceDate "2010.04.12"]

1. e4 c5 2. Nf3 Nc6 3. d4 cxd4 4. Nxd4 g6 5. c4 Bg7 6. Be3 Nf6 7. Nc3 d6 8. Be2
O-O 9. O-O Bd7 10. Qd2 Nxd4 11. Bxd4 Bc6 12. f3 a5 13. b3 Nd7 14. Rfd1 Bxd4+
15. Qxd4 Qb6 16. Kf2 Qxd4+ 17. Rxd4 1/2-1/2

[Event "Magistral Bicentenario Ciudad de Lanús"]
[Site "Lanús ARG"]
[Date "2010.04.19"]
[Round "9.3"]
[White "Barreto Filho, Carlos Alberto"]
[Black "Barrionuevo, Pablo"]
[Result "1-0"]
[WhiteElo "2362"]
[BlackElo "2327"]
[PlyCount "47"]
[EventDate "2010.04.12"]
[EventType "tourn"]
[EventRounds "9"]
[EventCountry "ARG"]
[EventCategory "4"]
[Source "lmi"]
[SourceDate "2010.04.12"]

1. d4 Nf6 2. c4 g6 3. Nc3 d5 4. Bf4 Bg7 5. e3 c5 6. dxc5 Qa5 7. Qa4+ Qxa4 8.
Nxa4 Ne4 9. f3 Bd7 10. fxe4 Bxa4 11. cxd5 Bxb2 12. Rb1 Bc3+ 13. Kf2 Nd7 14. Rc1
Nxc5 15. Kf3 Bb4 16. Rc4 a5 17. a3 Bd1+ 18. Be2 Bxe2+ 19. Nxe2 Bxa3 20. Rb1 O-O
21. Nd4 Rfc8 22. Rb5 Kg7 23. Nc2 Nxe4 24. Rxc8 1-0

[Event "Magistral Bicentenario Ciudad de Lanús"]
[Site "Lanús ARG"]
[Date "2010.04.19"]
[Round "9.4"]
[White "Meza, Hugo"]
[Black "Villanueva, Mario"]
[Result "1/2-1/2"]
[WhiteElo "2313"]
[BlackElo "2334"]
[PlyCount "30"]
[EventDate "2010.04.12"]
[EventType "tourn"]
[EventRounds "9"]
[EventCountry "ARG"]
[EventCategory "4"]
[Source "lmi"]
[SourceDate "2010.04.12"]

1. d4 Nf6 2. c4 g6 3. Nc3 Bg7 4. e4 d6 5. Nf3 O-O 6. Be2 e5 7. O-O Na6 8. Re1
Qe8 9. d5 Nc5 10. Qc2 a5 11. Be3 Ng4 12. Bxc5 dxc5 13. Nb5 Qe7 14. h3 Nf6 15.
Rad1 Ne8 1/2-1/2

[Event "Magistral Bicentenario Ciudad de Lanús"]
[Site "Lanús ARG"]
[Date "2010.04.19"]
[Round "9.5"]
[White "Filion, Charles"]
[Black "Blit, Jacques"]
[Result "1-0"]
[WhiteElo "2217"]
[BlackElo "2400"]
[PlyCount "99"]
[EventDate "2010.04.12"]
[EventType "tourn"]
[EventRounds "9"]
[EventCountry "ARG"]
[EventCategory "4"]
[Source "lmi"]
[SourceDate "2010.04.12"]

1. d4 g6 2. e4 Bg7 3. Nc3 d6 4. Be3 Nf6 5. Qd2 c6 6. f3 b5 7. h4 h5 8. a4 b4 9.
Nd1 a5 10. Nf2 Qc7 11. Ngh3 c5 12. Bb5+ Bd7 13. Bxd7+ Nfxd7 14. O-O cxd4 15.
Bxd4 Ne5 16. b3 Nbc6 17. Be3 Rc8 18. Nf4 e6 19. Rad1 Ke7 20. Ne2 Rhd8 21. f4
Nd7 22. f5 Nce5 23. fxe6 fxe6 24. Nd4 Qc3 25. Nb5 Qxd2 26. Rxd2 Rc6 27. Rfd1
Nf6 28. Bf4 Nf7 29. Nxd6 Nxd6 30. e5 Nf7 31. exf6+ Bxf6 32. Rxd8 Nxd8 33. Ne4
Nf7 34. Be3 Bg7 35. Bc5+ Ke8 36. Kf2 Ne5 37. Nd6+ Ke7 38. Nb7+ Kf6 39. Ke3 g5
40. hxg5+ Kg6 41. Rd6 Rc7 42. Rxe6+ Kf7 43. Nd8+ Kg8 44. Re8+ Kh7 45. Ne6 Ng4+
46. Ke4 Rd7 47. Nxg7 Kxg7 48. Re7+ Rxe7+ 49. Bxe7 Nf2+ 50. Kf5 1-0